000
00281nam a22001337a 4500
020
_a
0-19-566805-7
041
_a
ENG
100
_a
Babu.B.V
245
_a
Process Plant Simulation
260
_a
New York
_b
Oxford
_c
2004
300
_a
542
650
_a
M.Tech
856
_u
M.Tech ( 7 )
999
_c
1053
_d
1053